Ropaigealach v Allied Irish Bank plc (Record no. 69433)

MARC details
000 -LEADER
fixed length control field 01464cam a2200229 4500
001 - CONTROL NUMBER
control field ABS65060
008 - FIXED-LENGTH DATA ELEMENTS--GENERAL INFORMATION
fixed length control field 020205n2002 000 0 eng u
035 ## - SYSTEM CONTROL NUMBER
System control number (Sirsi) u116608
245 ## - TITLE STATEMENT
Title Ropaigealach v Allied Irish Bank plc
260 ## - PUBLICATION, DISTRIBUTION, ETC.
Date of publication, distribution, etc. 2002
490 ## - SERIES STATEMENT
Series statement Estates Gazette
Volume/sequential designation {[2002] 03 EG 130-133(4)
520 ## - SUMMARY, ETC.
Summary, etc. "Ropaigealach v Allied Irish Bank plc" CA, 12 November 2001, examined the issue of whether a county court had jurisdiction to make a charging order absolute. Earlier proceedings begun by the Ropaigealach (R) had been dismissed with R ordered to pay the bank (A)'s costs. A charging order nisi was obtained by A. In January 2000 the deputy district judge made an order for payment of the costs by instalments. The charging order was eventually made absolute by the district judge in February having been put back from November 1999. The county court judge dismissed R's appeal against that decision. R made a further appeal, contending that the country court had no jurisdiction to make the charging order absolute. CA held that a district judge had jurisdiction to make a charging order absolute and had properly exercised his discretion to do so. Appeal was dismissed.
590 ## - LOCAL NOTE (RLIN)
Local note ABS
650 ## - SUBJECT ADDED ENTRY--TOPICAL TERM
Topical term or geographic name entry element CHARGING ORDERS
650 ## - SUBJECT ADDED ENTRY--TOPICAL TERM
Topical term or geographic name entry element COUNTY COURTS ACT 1984 S86
650 ## - SUBJECT ADDED ENTRY--TOPICAL TERM
Topical term or geographic name entry element ROPAIGEALACH V ALLIED IRISH BANK PLC
650 ## - SUBJECT ADDED ENTRY--TOPICAL TERM
Topical term or geographic name entry element LEGAL COSTS
650 ## - SUBJECT ADDED ENTRY--TOPICAL TERM
Topical term or geographic name entry element COUNTY COURT JURISDICTION
650 ## - SUBJECT ADDED ENTRY--TOPICAL TERM
Topical term or geographic name entry element CASE LAW
690 ## - LOCAL SUBJECT ADDED ENTRY--TOPICAL TERM (OCLC, RLIN)
Topical term or geographic name as entry element LAW-UK
942 ## - ADDED ENTRY ELEMENTS (KOHA)
Suppress in OPAC 0
Holdings
Withdrawn status Lost status Source of classification or shelving scheme Damaged status Not for loan Home library Current library Shelving location Date acquired Total Checkouts Full call number Barcode Date last seen Copy number Price effective from Koha item type
    Dewey Decimal Classification     London London Journal article 05/02/2002   ABS65060 116608-1001 06/08/2019 1 06/08/2019 Law report